000
00293nam a2200109 4500
999
_c
13541
_d
13541
008
190328b ||||| |||| 00| 0 eng d
245
_a
A novel without a plot.
260
_a
Philippines
_b
The Philippine Star
_c
c2018
300
_a
page E1.
650
0
_9
37818
_a
Books- Reading.
942
_2
ddc
_c
PER